000 00568nam a22001817a 4500
005 20231121163400.0
010 _aENG-138278
020 _a9789390746620
_c990.00
035 _aEN-121810
037 _bDBAD/PUB
082 _a658.4
_b1
100 _aPaul.Ayivi
_958943
245 _aBusiness strategues policies:
_cBy Ayivi Paul
_bFinance Management book/
260 _aKolkata
_bExceller books
_c2022
270 _aG 1 Dream apartment degree college road belgharia
_bKolkata
_e700056
300 _a85p.
_c22cm(pbk)
942 _2ddc
_cEN
_h658.4
_mPAU
999 _c198829
_d198829